CUENTOS PARA SEGUIR CRECIENDO : (Registro nro. 58704)
[ vista simple ]
| 000 -LEADER | |
|---|---|
| fixed length control field | 00926nam a2200181 a 4500 |
| 001 - CONTROL NUMBER | |
| control field | 58704 |
| 005 - DATE AND TIME OF LATEST TRANSACTION | |
| control field | 20180714055414.0 |
| 008 - FIXED-LENGTH DATA ELEMENTS--GENERAL INFORMATION | |
| fixed length control field | 140415s2008 ag 000 0 spa d |
| 041 ## - LANGUAGE CODE | |
| Language code of text/sound track or separate title | spa |
| 082 ## - DEWEY DECIMAL CLASSIFICATION NUMBER | |
| Classification number | 808.899282 |
| Item number | ARG |
| 100 1# - MAIN ENTRY--PERSONAL NAME | |
| Personal name | ARGENTINA. MINISTERIODE EDUCACION |
| 245 10 - TITLE STATEMENT | |
| Title | CUENTOS PARA SEGUIR CRECIENDO : |
| Remainder of title | PARA LOS ESTUDIANTES QUE TERMINAN LA EDUCACION PRIMARIA |
| 250 ## - EDITION STATEMENT | |
| Edition statement | 1a ed. |
| 260 ## - PUBLICATION, DISTRIBUTION, ETC. | |
| Place of publication, distribution, etc. | ARGENTINA : |
| Name of publisher, distributor, etc. | MINISTERIO DE EDUCACION, |
| Date of publication, distribution, etc. | 2008 |
| 300 ## - PHYSICAL DESCRIPTION | |
| Extent | 143 |
| Dimensions | 13.5 x 1 x 21 |
| 520 ## - SUMMARY, ETC. | |
| Summary, etc. | ESTE LIBRO ES LA REPRESENTACION DE UNA ETAPA QUE EL ALUMNO HA FINALIZADO. ES LA PRUEBA DEL ESFUERZO , LA CONSTANCIA Y LOS DESEOS DE APRENDER . PARA ELLO , LA LECTURA ES UN INSTRUMENTO FUNDAMENTAL, POR ESA RAZON , EN EL MINISTERIO DE EDUCACION PENSAMOS QUE EL MEJOR INSTRUMENTO QUE PODIAMOS ENVIARLE ES UN CONJUNTO DE BUENAS LECTURAS. |
| 650 14 - SUBJECT ADDED ENTRY--TOPICAL TERM | |
| Topical term or geographic name entry element | LITERATURA JUVENIL |
| General subdivision | LITERATURA JUVENIL |
| -- | EDUCACION PRIMARIA |
| Withdrawn status | Lost status | Source of classification or shelving scheme | Damaged status | Not for loan | Collection code | Home library | Current library | Shelving location | Date acquired | Source of acquisition | Inventory number | Total Checkouts | Full call number | Barcode | Date last seen | Date last checked out | Price effective from | Koha item type |
|---|---|---|---|---|---|---|---|---|---|---|---|---|---|---|---|---|---|---|
| Dewey Decimal Classification | General | Biblioteca Karol Wojtyla | Biblioteca Karol Wojtyla | Sala general | 03/12/2013 | Compra | 151000000000000000032420 | 1 | 808.899282 ARG | 88816 | 05/01/2026 | 12/04/2019 | 03/12/2013 | Libro |